000 00487nam a2200181Ia 4500
001 15869
005 20260306170227.0
008 260306t2008||||xx |||||||||||||| ||und||
041 _aESP
082 _a620.112
_bM26
100 _aMarqués, Ricardo
_eAUT
245 0 _aMetamaterials with negative parameters:
_btheory, design, and microwave applications
260 _c2008
300 _axviii, 315 páginas :
_c24 cm.
650 _aGEN
654 _aCII
942 _cLIB
_dJUS
_fJUS
_2ddc
_n
999 _c15869
_d15869